Собрание сочинений: В 5 т.; Т. 1; Рассказы 1906-1912 гг.; Слон и Моська; В Италию; Случай; Марат; Апельсины; На досуге; Кирпич и музыка; Рука; Лебедь; Горбун;Ерошка;Трюм и палуба; Капитан; Человек, который плачет; Мат в три хода; Маленький заговор; Воздушный корабль; Остров Рено; Окно в лесу; Штурман "Четырех ветров"; Происшествие в улице Пса; Дача Большого Озера; Маньяк; Циклон в Равнине Дождей; "Она"; Колония Ланфиер; Рассказ Бирка; История одного убийства; Находка;Тайна леса; Имение Хонса; Смерть Ромелинка; В снегу; На склоне холмов; Пролив бурь; Ящик с мылом; На острове; Дуэль; Малинник Якобсона; Пришел и ушел; Лунный свет; Система мнемоники Атлея; Лесная драма; Позорный столб; Слова; Приключения Гринча; Трагедия плоскогорья Суан; Проходной двор; Жизнь Гнора; Гостиница Вечерних Огней; Зимняя сказка; Рассказ о странной судьбе; Лужа Бородатой Свиньи.
| Auteur principal: | |
|---|---|
| Autres auteurs: | , |
| Langue: | russe |
| Publié: |
Москва, Художественная литература, 1991
|
| TOC: | Слон и Моська; В Италию; Случай; Марат; Апельсины; На досуге; Кирпич и музыка; Рука; Лебедь; Горбун;Ерошка;Трюм и палуба; Капитан; Человек, который плачет; Мат в три хода; Маленький заговор; Воздушный корабль; Остров Рено; Окно в лесу; Штурман "Четырех ветров"; Происшествие в улице Пса; Дача Большого Озера; Маньяк; Циклон в Равнине Дождей; "Она"; Колония Ланфиер; Рассказ Бирка; История одного убийства; Находка;Тайна леса; Имение Хонса; Смерть Ромелинка; В снегу; На склоне холмов; Пролив бурь; Ящик с мылом; На острове; Дуэль; Малинник Якобсона; Пришел и ушел; Лунный свет; Система мнемоники Атлея; Лесная драма; Позорный столб; Слова; Приключения Гринча; Трагедия плоскогорья Суан; Проходной двор; Жизнь Гнора; Гостиница Вечерних Огней; Зимняя сказка; Рассказ о странной судьбе; Лужа Бородатой Свиньи.; |
| Sujets: | |
| Format: | MixedMaterials Livre |
| KOHA link: | https://koha.lib.tpu.ru/cgi-bin/koha/opac-detail.pl?biblionumber=139942 |
MARC
| LEADER | 00000nam0a2200000 4500 | ||
|---|---|---|---|
| 001 | 139942 | ||
| 005 | 20231101220827.0 | ||
| 010 | |a 5280016098 | ||
| 010 | |a 5-280-01608-X | ||
| 020 | |a RU |b 91-11876 | ||
| 035 | |a (RuTPU)RU\TPU\book\151608 | ||
| 090 | |a 139942 | ||
| 100 | |a 20080617g1991 m y0rusy5003 ca | ||
| 101 | 0 | |a rus | |
| 102 | |a RU | ||
| 105 | |a c z 000ay | ||
| 200 | 1 | |a Собрание сочинений |e В 5 т. |h Т. 1 |i Рассказы 1906-1912 гг. |f А. С. Грин |g авт. предисл. В. Ковский ; примеч. А. Ревякина | |
| 210 | |a Москва |c Художественная литература |d 1991 | ||
| 215 | |d 21 см |a 703 с. |c портр. | ||
| 464 | |t Слон и Моська; В Италию; Случай; Марат; Апельсины; На досуге; Кирпич и музыка; Рука; Лебедь; Горбун;Ерошка;Трюм и палуба; Капитан; Человек, который плачет; Мат в три хода; Маленький заговор; Воздушный корабль; Остров Рено; Окно в лесу; Штурман "Четырех ветров"; Происшествие в улице Пса; Дача Большого Озера; Маньяк; Циклон в Равнине Дождей; "Она"; Колония Ланфиер; Рассказ Бирка; История одного убийства; Находка;Тайна леса; Имение Хонса; Смерть Ромелинка; В снегу; На склоне холмов; Пролив бурь; Ящик с мылом; На острове; Дуэль; Малинник Якобсона; Пришел и ушел; Лунный свет; Система мнемоники Атлея; Лесная драма; Позорный столб; Слова; Приключения Гринча; Трагедия плоскогорья Суан; Проходной двор; Жизнь Гнора; Гостиница Вечерних Огней; Зимняя сказка; Рассказ о странной судьбе; Лужа Бородатой Свиньи. |o рассказы | ||
| 610 | 1 | |a русская литература | |
| 610 | 1 | |a рассказы | |
| 610 | 1 | |a собрания сочинений | |
| 675 | |a Р2 |z rus | ||
| 700 | 1 | |a Грин |b А. С. |c русский писатель |c Гриневский - настоящая фамилия |f 1880-1932 |g Александр Степанович |2 stltpush |3 (RuTPU)RU\TPU\pers\1336 |9 598 | |
| 702 | 1 | |a Ковский |b В. |4 080 | |
| 702 | 1 | |a Ревякина |b А. |4 220 | |
| 801 | 0 | |a RU |b RuMRKP |c 19950417 |g psbo | |
| 801 | 1 | |a RU |b 63413507 |c 20080617 |g PSBO | |
| 801 | 2 | |a RU |b 63413507 |c 20200422 |g PSBO | |
| 942 | |c BK | ||